Una victoria legal. (Registro nro. 28520)
[ vista simple ]
| 000 -CABECERA | |
|---|---|
| campo de control de longitud fija | 00559nam a2200145 a 4500 |
| 001 - NÚMERO DE CONTROL | |
| campo de control | 000029028 |
| 005 - FECHA Y HORA DE LA ÚLTIMA TRANSACCIÓN | |
| campo de control | 20200930055303.0 |
| 008 - DATOS DE LONGITUD FIJA--INFORMACIÓN GENERAL | |
| campo de control de longitud fija | 110413s1978 dr ac 000 0 spa d |
| 040 ## - FUENTE DE LA CATALOGACIÓN | |
| Centro catalogador/agencia de origen | DO-SdBNP |
| Lengua de catalogación | spa |
| Centro/agencia transcriptor | BNPHU |
| 049 ## - FONDOS LOCALES (OCLC) | |
| Fondos de biblioteca | BNPD |
| 111 2# - ENTRADA PRINCIPAL--NOMBRE DE CONGRESO/REUNIÓN | |
| Nombre de congreso/reunión o jurisdicción como elemento de entrada | Memoria de una celebración histórica |
| Fecha del congreso/reunión | (1978: |
| Sede del congreso/Lugar de la reunión | La Romana |
| Número del congreso/reunión o número de parte o sección | 14 de septiembre ) |
| 9 (RLIN) | 55946 |
| 245 14 - MENCIÓN DE TÍTULO | |
| Título | Una victoria legal. |
| 260 ## - PUBLICACIÓN, DISTRIBUCIÓN, ETC. | |
| Lugar de publicación, distribución, etc. | La Romana, República Dominicana : |
| Nombre del editor, distribuidor, etc. | Asociación de Colonos Azucareros de la Central Romana, |
| Fecha de publicación, distribución, etc. | [1978]. |
| Fabricante | Editorial Industria de Artes Gráficas |
| 300 ## - DESCRIPCIÓN FÍSICA | |
| Extensión | [20] p. : |
| Otras características físicas | il., retrs ; |
| Dimensiones | 22 cm. |
| Estado de retiro | Estado de pérdida | No para préstamo | Código de colección | Localización permanente | Ubicación/localización actual | Ubicación en estantería | Fecha de adquisición | Número de inventario | Total de préstamos | Signatura topográfica completa | Código de barras | Fecha visto por última vez | Precio válido a partir de | Tipo de ítem Koha |
|---|---|---|---|---|---|---|---|---|---|---|---|---|---|---|
| Excluido de préstamo | Patrimonio Dominicano | Patrimonio Dominicano | Patrimonio Dominicano | En catalogación | 13.04.2011 | LF1 | 29028-10 | 25.06.2020 | 25.06.2020 | Libro y Folleto Colección Patrimonio Dominicano |
